The Wilson Quarterly (1976-)

محفوظ في:

التنسيق: دورية

اللغة: Undetermined

منشور في: JSTOR
Wilson Quarterly

الموضوعات:

الوصول للمادة أونلاين: Login to view Source

الوسوم: إضافة وسم

لا توجد وسوم, كن أول من يضع وسما على هذه التسجيلة!

رقم الطلب:

LEADER 00534nas a2200181Ia 4500
008 220214c99999999xx |||||||||||| ||und||
022 |a 0363-3276 
022 |a 2328-529X 
245 0 4 |a The Wilson Quarterly (1976-) 
264 1 |b JSTOR 
264 1 |b Wilson Quarterly 
362 0 |a Vol. 1(1976)-38 (2014) 
653 1 0 |a Political Science 
653 1 0 |a Social Sciences 
856 4 0 |u https://www.jstor.org/journal/wilsonq 
942 |c JL 
952 |0 0  |1 0  |4 0  |7 1  |9 37656  |a JSR  |b JSR  |d 2022-02-14  |l 0  |r 2022-02-14 00:00:00  |w 2022-02-14  |y JL 
999 |c 45987  |d 45987